| 000 | 01589cam a22004574i 4500 | ||
|---|---|---|---|
| 003 | PE-LiUPU | ||
| 005 | 20250731165549.0 | ||
| 008 | 150625s r 000 0 d | ||
| 035 | _a(Sirsi) a34308 | ||
| 035 | _a(Sirsi) a34308 | ||
| 040 |
_aPE-LiUPU _bspa _cPE-LiUPU _erda |
||
| 082 | 0 | 4 |
_a985.04 _bD _221 |
| 100 | 1 |
_aAparicio Vega, Manuel Jesús, _d1932- , _eautor. |
|
| 245 | 1 | 0 |
_aConspiraciones y rebeliones en el siglo XIX : _nVolumen 8. _bLa revolución del Cusco 1814 / _cinvestigación, recopilación y prólogo por Manuel Jesús Aparicio Vega. |
| 264 | 1 |
_aLima : _bComisión Nacional del Sesquicentenario de la Independencia del Perú, _c1974. |
|
| 300 |
_av. 8 ; _c25 cm. |
||
| 336 |
_atext _2rdacontent |
||
| 337 |
_aunmediated _2rdamedia |
||
| 338 |
_avolume _2rdacarrier |
||
| 490 | 0 |
_aColección documental de la independencia del Perú ; _v3 |
|
| 526 | _aSEG44 | ||
| 526 | _aSEG26 | ||
| 526 | _aP151 | ||
| 526 | _aP150 | ||
| 526 | _aP149 | ||
| 526 | _aP146 | ||
| 526 | _aP145 | ||
| 526 | _aP126 | ||
| 526 | _aP125 | ||
| 526 | _aP92 | ||
| 526 | _aP75 | ||
| 526 | _aP74 | ||
| 526 | _aP27 | ||
| 526 | _aP15 | ||
| 651 |
_aPerú _xHistoria _yRevolución del Cusco, 1814 |
||
| 651 |
_aPerú _xHistoria _yEmancipación, 1808-1824 _vDocumentos. |
||
| 942 |
_2ddc _cBK |
||
| 949 |
_aRC 985.04 D 3 / 8 _wDEWEY _c1 _i16986 _lRC _mBUL _r0 _sY _tBOOK _u2015-6-25 _xBIBLIOTECA _zUNKNOWN _0COMPRA _o.CIRCNOTE. No olvidar cambiar la fecha de devolución!!!!!!! _o.STAFF. Colección General |
||
| 999 |
_c42151 _d42151 |
||
| 980 |
_81 _gALBERTO SANCHEZ Responsable de Automatización |
||